Agricultural futures exchange : Thailands first futures exchange. Part.1 (Record no. 53957)

MARC details
000 -LEADER
fixed length control field 00361nam a2200121Ia 4500
100 ## - MAIN ENTRY--AUTHOR NAME
Personal name Vejanurung Punsak
245 #0 - TITLE STATEMENT
Title Agricultural futures exchange : Thailands first futures exchange. Part.1
260 ## - PUBLICATION, DISTRIBUTION, ETC. (IMPRINT)
Name of publisher Rubber International Magazine
Year of publication 2004
300 ## - PHYSICAL DESCRIPTION
Number of Pages 57-61
650 ## - SUBJECT ADDED ENTRY--TOPICAL TERM
Topical Term Regulatory structure
942 ## - ADDED ENTRY ELEMENTS (KOHA)
Koha item type Journals
Holdings
Withdrawn status Lost status Damaged status Not for loan Home library Current library Shelving location Date acquired Serial Enumeration / chronology Koha item type
      Journals RRII Library RRII Library Agricultural economics 17/12/2021 Volume 6, Issue 5 Journals